000 01057nam a22003017a 4500
001 9787
003 FISKH
005 20260224115341.0
008 260224b cb ||||| |||| 00| 0 eng d
020 _a9780547691183
040 _aFISKH
_beng
_cFISKH
_dFISKH
050 _aPZ7 .Z2583
082 _a513.5
100 _aZappy , Erica
245 _aHome run /
_cAdaptation by Erica Zappy : Based on the TV series teleplay written by Lazar Saric
260 _aBoston :
_bHoughton Mifflin Harcourt Publishing Company ,
_c2012 .
300 _a22 pages :
_bcolor illustrations ;
_c23 cm .
490 _aCurious George
_vLevel 1
505 _aH
520 _aCurious George goes to his first baseball game and discovers that he needs to know about numbers to keep score. Includes rules of the game and an activity.
521 8 _a460
_bLexile
521 8 _aH
_bRaz-Plus
650 _aBilingual
_vChildren's Books
650 _aNumbers
_vChildren's Books
700 _aPala , Anjali
_eDesigner
942 _2ddc
_cBK
_n0
999 _c9787
_d9787